02049nam a22002417a 450000500170000000800410001702200140005804000080007204100120008024500120009225001180010426000450022230000240026750501200029152007550041165000520116665000320121865000380125085603030128894200170159195201840160899900150179220260407101658.0260407b |||||||| |||| 00| 0 eng d a1754-7001 ctbs hEnglish aMonocle aPhysical copies are available on the journal display stand. The first issue received in print is dated April 2026 aLondon [Monocle, Winkontent Ltd.] [n.d.] bv. ill., col. 27 cm aIf you need access to specific articles or archive content, please contact the Library: biblioteca@tbs-education.es aMonocle is an international magazine covering global affairs, business, culture, design, and lifestyle. It offers in-depth reporting, analysis, and commentary on economic trends, urbanism, geopolitics, branding, and entrepreneurship. The magazine is known for its high-quality editorial approach and global perspective, making it a valuable resource for research in areas such as: International business — Urban studies — Branding and marketing — Design and innovation — Global trends and geopolitics. Publication type: General interest magazine with strong business and cultural analysis focus Coverage: Global Audience: Professionals, entrepreneurs, designers, analysts, researchers, and general readers interested in international affairs 0aInternational Business environmentvPeriodicals 0aGlobal affairsvPeriodicals 0aDesign and lifestylevPeriodicals uhttps://forms.office.com/pages/responsepage.aspx?id=3JgoptjIYEy4BQK1rRDJg0iwbkJM24xIuPOmWtt7hitUQkU4QTNHNTg2WlhDUDRQQ1hZWVZKMks3WiQlQCN0PWcu&route=shorturlyPlease fill in this form if you require access to an article from the archive or if you are carrying out a subject search. Website of Monocle 2lcccJOURNAL 00102lcc40513748REFaTBSbTBScDISPLAYd2026-04-07l0oThe journal is available on the new arrivals shelf pB09004r2026-04-07t1w2026-04-07yJOURNALzApril 2026 - Issue 192 c5419d5419